LEADER 00621nas a2200169 i 4500 001 000000033769 003 CaOOAMICUS 005 20180830125450.0 008 180830n fr u0 und u 040 $aSeMil$bita 245 10$aMémoires/Culture /$cdirigée par Yvan Gastaut et Stéphane Mourlane. 260 $aParis :$bAutrement,$c[2006?] 300 $av. ;$c23 cm. 700 1 $aMourlane, Stéphane.$0(OLS)http://semarc/name/90301 700 1 $aGastaut, Yvan.$0(OLS)http://semarc/name/90300 996 $6245$aMémoires/Culture$9(OLS)http://semarc/title/402266 996 $6260$aParis :$bAutrement$9(OLS)http://semarc/publisher/34955 LEADER 01280nam a2200301 i 4500 001 000000189716 003 CaOOAMICUS 005 20190307122232.0 008 100517s2010 it u000 u ita u 013 $a167993 020 $a978-88-213-0755-3 040 $aSeMil$bita 100 1 $aAugé, Matias .$0(OLS)http://semarc/name/16102 245 12$aL'iniziazione cristiana :$bBattesimo e Confermazione /$cMatias Augé. 260 $aRoma :$bLAS,$c2010. 300 $a358 p. ;$c24 cm. 490 0 $aNuova biblioteca di scienze religiose ;$v25 650 4$aBattesimo.$0(OLS)http://semarc/subject/7352 650 4$aIniziazione cristiana.$0(OLS)http://semarc/subject/125 650 4$aConfermazione .$0(OLS)http://semarc/subject/7353 830 0$aNuova biblioteca di scienze religiose ;$v25.$0(OLS)http://semarc/title/11019 850 $aSeMil 852 $aSeMil$W1$xVenegono$y1$m2B V 224$j140347$B140347$CSeMilBibl$Z2$F152297 $81 961 $aOmaggio: Caspani don Pierpaolo 996 $6020$a978-88-213-0755-3$9(OLS)http://semarc/number/180465 996 $6245$aL'iniziazione cristiana :$bBattesimo e Confermazione$9(OLS)http://semarc/title/273174 996 $6260$aRoma :$bLAS$9(OLS)http://semarc/publisher/29900